Estadísticas para Nombra los Papas

Haz click aquí para tomar la prueba!

Estadísticas generales

  • Esta prueba ha sido tomada 4.610 veces
    (4.609 desde el último reinicio)
  • La puntuación promedio es 21 de 81

Estadísticas de respuestas

#Nombre% Correcto
21Juan
97%
1Francisco
96%
17Benedicto
91%
6Paulo
89%
2Juan Pablo
87%
1Pedro
86%
12Pío
80%
13León
54%
7Alejandro
49%
16Gregorio
43%
1Marcos
43%
14Clemente
42%
3Julio
40%
8Urbano
40%
13Inocencio
36%
5Sixto
34%
9Esteban
32%
8Bonifacio
30%
3Calixto
29%
3Martín
29%
3Víctor
28%
5Nicolás
28%
6Adriano
26%
4Sergio
26%
2Marcelo
24%
1Lino
23%
5Celestino
22%
3Lucio
22%
2Teodoro
21%
3Silvestre
21%
4Honorio
21%
1Constantino
21%
1Anacleto
21%
3Félix
21%
4Eugenio
21%
2Dámaso
19%
3Anastasio
19%
1Dionisio
19%
1Eusebio
18%
1Marcelino
18%
1Evaristo
18%
1Eleutero
17%
2Agapito
17%
1Cayo
16%
1Zacarías
16%
1Antero
16%
1Aniceto
16%
2Pascual
16%
2Gelasio
16%
1Higinio
16%
1Valentin
16%
1Hilario
15%
1Melquíades
15%
1Sotero
15%
1Ceferino
15%
1Telesforo
15%
1Romano
15%
1Cornelio
15%
1Formoso
14%
1Severino
14%
1Silverio
14%
2Marino
14%
1Ponciano
13%
1Fabiano
13%
2Pelagio
13%
1Eutiquiano
13%
1Zósimo
13%
2Adeodato
12%
1Simplicio
12%
1Liberio
12%
1Dono
12%
1Agatón
12%
1Siricio
11%
1Hormisdas
11%
1Conón
11%
1Landón
11%
1Sisinio
10%
1Símaco
10%
1Sabiniano
10%
1Vigilio
10%
1Vitaliano
10%

Distribución de puntuación

Porcentaje por número respondido

Porcentaje de gente con cada puntuación

Historial de tus puntuaciones

No has tomado esta prueba desde el último reinicio